000 00379nam a2200133Ia 4500
008 231129s9999||||xx |||||||||||||| ||spa||
020 _a958-614-279-5
040 _bspa
082 _aR 986.1 A719p
100 _aArizmendi Posada Ignacio
245 0 _aPresidentes de Colombia 1810 - 1990
264 _aPlaneta-Colombiana
942 _2ddc
_cBKS
999 _c23161
_d23161